[Event "POL Cup op rapid"]
[Site "Lodz"]
[Date "2021.08.07"]
[Round "1"]
[White "Mikrut, Dariusz"]
[Black "Frac, Pawel"]
[Result "1-0"]
[WhiteElo "2379"]
[BlackElo "1286"]
[PlyCount "41"]
[EventDate "2021.08.07"]
[EventType "swiss (rapid)"]
[EventRounds "9"]
[EventCountry "POL"]
[SourceTitle "CBM 203 Extra"]
[Source "ChessBase"]
[SourceDate "2021.09.30"]
[SourceVersion "1"]
[SourceVersionDate "2021.09.30"]
[SourceQuality "1"]

1. d4 Nf6 2. c4 e6 3. Nf3 Be7 4. Nc3 d5 5. Bg5 0-0 6. e3 c6 7. Qc2 Nbd7 8. h4 Re8 9. Bd3 Nf8 10. 0-0-0 Bd6 11. Kb1 dxc4 12. Bxc4 Qb6 13. Bxf6 gxf6 14. g4 a5 15. g5 a4 16. gxf6 Qd8 17. Rhg1+ Kh8 18. Ne4 b5 19. Ne5 Bxe5 20. dxe5 Qb6 21. Nd6 1-0

[Event "Opole Termika Rapid op"]
[Site "Opole"]
[Date "2021.07.17"]
[Round "1"]
[White "Jakubowski, Krzysztof"]
[Black "Frac, Pawel"]
[Result "1-0"]
[WhiteElo "2497"]
[BlackElo "1293"]
[PlyCount "85"]
[EventDate "2021.07.17"]
[EventType "swiss (rapid)"]
[EventRounds "9"]
[EventCountry "POL"]
[SourceTitle "CBM 203 Extra"]
[Source "ChessBase"]
[SourceDate "2021.09.30"]
[SourceVersion "1"]
[SourceVersionDate "2021.09.30"]
[SourceQuality "1"]

1. d4 Nf6 2. c4 e6 3. Nc3 d5 4. cxd5 exd5 5. Bg5 Be7 6. e3 0-0 7. Bd3 Be6 8. Nge2 c6 9. Qc2 Nbd7 10. 0-0 Rc8 11. Rad1 h6 12. Bh4 c5 13. dxc5 Nxc5 14. Nf4 Nxd3 15. Qxd3 Qb6 16. Bxf6 Bxf6 17. Ncxd5 Bxd5 18. Nxd5 Qxb2 19. Rb1 Qe5 20. Rxb7 Rfd8 21. e4 Qd4 22. Qxd4 Bxd4 23. Ne7+ Kf8 24. Nxc8 Rxc8 25. Rd7 Bb6 26. Rd2 Re8 27. Re2 Bc5 28. g3 a5 29. Rc1 Bb4 30. Rc7 f6 31. Kg2 Kg8 32. h4 Kh7 33. h5 Re5 34. g4 Re8 35. Kf3 Rd8 36. Re3 Rd2 37. a3 Bf8 38. Rc4 Rb2 39. Rc8 Be7 40. Rd3 Rb7 41. Ra8 Rb5 42. Rd7 Re5 43. a4 1-0